Countries with Top 200 Universities - Statistics

General Stats
  • This quiz has been taken 1,617 times
  • The average score is 24 of 28
Answer Stats
#Universities Country % Correct
74 United States
100%
29 United Kingdom
99%
3 China
98%
7 France
98%
12 Germany
97%
5 Japan
97%
8 Canada
96%
1 Italy
96%
1 Spain
96%
8 Australia
95%
1 Russia
94%
5 Sweden
93%
1 Norway
91%
7 Switzerland
89%
11 Netherlands
88%
4 South Korea
88%
1 Finland
87%
4 Belgium
86%
3 Denmark
86%
1 Austria
85%
1 New Zealand
85%
1 Ireland
80%
2 Singapore
72%
4 Turkey
71%
1 South Africa
67%
1 Taiwan
64%
1 Israel
56%
4 Hong Kong
23%
No matching quizzes found
Score Distribution
Percent of People with Each Score
Percentile by Number Answered
Your Score History
You have not taken this quiz